000 00531nam a2200193 u 4500
005 20220518172944.0
008 091001s1987 r 000 0 eng d
020 _a8476002564
035 _aUPN01000172808
049 _aCG
050 4 _aJC481
_bM3.3
100 1 _aMandel, Ernest,
_d1923-1995
_929112
245 1 3 _aEl fascismo /
_cErnest Mandel ; tr. Patricia Meneses Orozco.
260 _aBarcelona, Esp. :
_bAkal,
_c1987.
300 _a78 p.
440 0 _aAkal bolsillo ;
_v179
650 2 _aFascismo
_913146
905 _aLibro
999 _c144912
_d144912